000 00850nam a2200217 a 4500
008 951205s1982||||[C 0 slo c
020 _c17 Kčs.
_q(18000 výtl.)
040 _aSNK
_bslo
_cSNK
_eAACR2
041 1 _aslo
_hrus
044 _axo
_cSK
080 _a1 100.1(081.1)
100 1 _aLenin, Vladimir Iľjič
_4aut
245 1 0 _aZobrané spisy. /Zv./ 13
_bMáj - september 1906
_cVladimir Iľjič Lenin ; Ján Žigo, Oto Takáč
250 _a2., vyd.
260 _aBratislava
_bPravda
_c1982
_eBratislava
_fPravda
300 _a679 s., 30,28 AH
_c21 cm
500 _aLit. 91. Faksim. rkp. Životopisné údaje. Reg. men. a lit. prác a prameňov. Zozn. prác V. I. Lenina, ktoré sa doteraz nenašli. 91 zázn. lit. o knihách, čl., čas. a novinách v jaz. slov.
700 1 _aŽigo, Ján
_4trl
700 1 _aTakáč, Oto
_4bkd
958 _aA
999 _c15434
_d15434